000 00506nam a2200205 a 4500
001 BS0001167
003 BR-BrBNA
005 20231026113522.0
008 230308b |||||||| |||| 00| 0 por d
040 _aBR-BrBNA
_bpor
_cBiblioteca Nacional de Agricultura
041 _apor
072 _aS89
090 _aS89
_bBS0001167
100 1 _aMiranda, Socorro.
245 1 _aBurrinha manhosa /
260 3 _aRecife:
_bBagaço,
_c1996.
300 _a20 p.
650 _aLITERATURA INFANTIL
942 _cBK
_2AGRIS
999 _c6224
_d6224